[Event "Muensterland Verbandsklasse-B 0910"]
[Site "Germany"]
[Date "2010.03.20"]
[Round "8.6"]
[White "Kuessner, Thilo"]
[Black "Focke, Robert"]
[Result "1-0"]
[WhiteElo "1816"]
[BlackElo "1579"]
[PlyCount "33"]
[EventDate "2009.09.19"]
[EventType "team-tourn"]
[EventRounds "9"]
[EventCountry "GER"]
[SourceTitle "EXT 2011"]
[Source "ChessBase"]
[SourceDate "2010.11.26"]
[SourceVersion "1"]
[SourceVersionDate "2010.11.26"]
[SourceQuality "1"]
[WhiteTeam "Muenster SK III"]
[BlackTeam "Metelen"]
[WhiteTeamCountry "GER"]
[BlackTeamCountry "GER"]

1. e4 e6 2. d4 d5 3. Nc3 f5 4. exf5 exf5 5. Bd3 c6 6. Nf3 Bd6 7. 0-0 Nf6 8. Re1+ Ne4 9. Bg5 Qc7 10. Bxe4 fxe4 11. Nxe4 dxe4 12. Rxe4+ Kf7 13. Ne5+ Bxe5 14. Rxe5 Nd7 15. Qh5+ g6 16. Re7+ Kg8 17. Qh6 1-0

[Event "Muensterland Verbandsklasse-A 0809"]
[Site "Germany"]
[Date "2009.05.02"]
[Round "9.2"]
[White "Kuessner, Thilo"]
[Black "Luecke, Thomas"]
[Result "0-1"]
[WhiteElo "1862"]
[BlackElo "1805"]
[PlyCount "114"]
[EventDate "2008.09.13"]
[EventType "team-tourn"]
[EventRounds "9"]
[EventCountry "GER"]
[SourceTitle "EXT 2010"]
[Source "ChessBase"]
[SourceDate "2010.11.25"]
[SourceVersion "1"]
[SourceVersionDate "2010.11.25"]
[SourceQuality "1"]
[WhiteTeam "Muenster SK III"]
[BlackTeam "Emsdetten Rochade"]
[WhiteTeamCountry "GER"]
[BlackTeamCountry "GER"]

1. e4 c5 2. Nc3 Nc6 3. f4 d6 4. Bc4 g6 5. Nf3 Bg7 6. d3 e6 7. f5 exf5 8. Ng5 Ne5 9. 0-0 Nf6 10. Bb5+ Kf8 11. Bf4 h6 12. Nf3 Nxf3+ 13. Qxf3 Ng4 14. Bc4 Ne5 15. Bxe5 Bxe5 16. exf5 gxf5 17. Kh1 Rh7 18. Bd5 Rb8 19. Ne2 b6 20. c3 Qh4 21. h3 Be6 22. Rad1 Re8 23. d4 Bf6 24. Nf4 Bd7 25. dxc5 bxc5 26. g3 Qg5 27. h4 Qg4 28. Qd3 Be5 29. Bg2 Rg7 30. Kh2 Bb5 31. Qe3 Bxf1 32. Rxf1 Bxf4 33. Qxf4 Qxf4 34. Rxf4 Re2 35. Kh3 Rxb2 36. Bd5 Rc2 37. Rf3 Ke7 38. Bb3 Re2 39. Bc4 Re5 40. Kg2 d5 41. Bd3 f4 42. Rxf4 Re3 43. Bf1 Rexg3+ 44. Kf2 Rxc3 45. Ra4 d4 46. Rxa7+ Ke6 47. a4 d3 48. Ra6+ Kd5 49. Rxh6 Rg4 50. a5 Rf4+ 51. Ke1 Rc1+ 52. Kd2 Rfxf1 53. Kxd3 c4+ 54. Ke2 c3 55. a6 c2 56. Kd2 Ra1 57. Kxc2 Ra3 0-1

[Event "Muensterland Verbandsklasse-A 0809"]
[Site "Germany"]
[Date "2009.02.07"]
[Round "6.3"]
[White "Kuessner, Thilo"]
[Black "Gesing, Felix"]
[Result "0-1"]
[WhiteElo "1862"]
[BlackElo "1835"]
[PlyCount "72"]
[EventDate "2008.09.13"]
[EventType "team-tourn"]
[EventRounds "9"]
[EventCountry "GER"]
[SourceTitle "EXT 2010"]
[Source "ChessBase"]
[SourceDate "2010.11.25"]
[SourceVersion "1"]
[SourceVersionDate "2010.11.25"]
[SourceQuality "1"]
[WhiteTeam "Muenster SK III"]
[BlackTeam "Raesfeld Erle"]
[WhiteTeamCountry "GER"]
[BlackTeamCountry "GER"]

1. e4 d6 2. d4 Nf6 3. Nc3 g6 4. Bc4 Bg7 5. Nf3 Nxe4 6. Bxf7+ Kxf7 7. Nxe4 h6 8. d5 Rf8 9. 0-0 Kg8 10. h3 Qe8 11. Be3 Qf7 12. Nh2 e6 13. c4 exd5 14. cxd5 Bf5 15. Nc3 Na6 16. Ng4 Bxg4 17. Qxg4 Qf5 18. Qc4 g5 19. Rad1 Be5 20. Rd2 Rf7 21. Nb5 Nc5 22. b4 Ne4 23. Rc2 Raf8 24. Bxa7 g4 25. hxg4 Qxg4 26. f3 Qh4 27. Rfc1 Qh2+ 28. Kf1 Qh1+ 29. Bg1 Rxf3+ 30. gxf3 Rxf3+ 31. Ke2 Qg2+ 32. Ke1 Qxg1+ 33. Ke2 Qg2+ 34. Ke1 Bg3+ 35. Kd1 Rf1+ 36. Qxf1 Qxf1# 0-1

[Event "Muensterland Verbandsliga 0809"]
[Site "Germany"]
[Date "2009.01.10"]
[Round "5.8"]
[White "Kuessner, Thilo"]
[Black "Berning, Thomas"]
[Result "1-0"]
[WhiteElo "1981"]
[BlackElo "1819"]
[PlyCount "81"]
[EventDate "2008.09.20"]
[EventType "team-tourn"]
[EventRounds "9"]
[EventCountry "GER"]
[SourceTitle "EXT 2010"]
[Source "ChessBase"]
[SourceDate "2010.11.25"]
[SourceVersion "1"]
[SourceVersionDate "2010.11.25"]
[SourceQuality "1"]
[WhiteTeam "Muenster SK II"]
[BlackTeam "Westbevern"]
[WhiteTeamCountry "GER"]
[BlackTeamCountry "GER"]

1. e4 e6 2. d4 d5 3. Nc3 dxe4 4. Nxe4 Nf6 5. Nxf6+ Qxf6 6. Nf3 h6 7. Be3 Nc6 8. c3 a6 9. Bd3 Bd6 10. 0-0 0-0 11. Nd2 b5 12. Ne4 Qh4 13. Nxd6 cxd6 14. Qf3 Bb7 15. Bf4 Rfd8 16. Qe4 Qf6 17. Bg3 Na5 18. Qg4 Qg5 19. Qe2 Rac8 20. f4 Qd5 21. f5 e5 22. f6 e4 23. Bc2 g6 24. Rf4 Re8 25. Re1 Qg5 26. Qf2 Re6 27. h4 Qd5 28. Rfxe4 Rce8 29. Rxe6 Rxe6 30. Rxe6 Qxe6 31. b3 Kh7 32. h5 Bd5 33. Qf4 Nb7 34. Bd3 Kg8 35. hxg6 fxg6 36. Bxg6 Nd8 37. Qxd6 Qxd6 38. Bxd6 Bf7 39. Be4 Be6 40. Bc7 Nf7 41. Bb7 1-0

[Event "Muensterland Verbandsklasse-A 0809"]
[Site "Germany"]
[Date "2009.01.10"]
[Round "5.2"]
[White "Kuessner, Thilo"]
[Black "Mueller, Thomas1111"]
[Result "1-0"]
[WhiteElo "1862"]
[BlackElo "1778"]
[PlyCount "67"]
[EventDate "2008.09.13"]
[EventType "team-tourn"]
[EventRounds "9"]
[EventCountry "GER"]
[SourceTitle "EXT 2010"]
[Source "ChessBase"]
[SourceDate "2010.11.25"]
[SourceVersion "1"]
[SourceVersionDate "2010.11.25"]
[SourceQuality "1"]
[WhiteTeam "Muenster SK III"]
[BlackTeam "Gronau II"]
[WhiteTeamCountry "GER"]
[BlackTeamCountry "GER"]

1. e4 c6 2. d4 d5 3. exd5 cxd5 4. Bd3 Nc6 5. c3 Nf6 6. h3 e5 7. dxe5 Nxe5 8. Qe2 Bd6 9. f4 0-0 10. fxe5 Bxe5 11. Qf2 Re8 12. Ne2 d4 13. c4 Ne4 14. Bxe4 d3 15. 0-0 dxe2 16. Qxe2 f5 17. Bd5+ Qxd5 18. cxd5 Bd4+ 19. Qf2 Bxf2+ 20. Kxf2 b6 21. Nc3 Ba6 22. Re1 Rxe1 23. Kxe1 Re8+ 24. Kf2 b5 25. b4 Bb7 26. Be3 a6 27. Bc5 Rd8 28. d6 Kf7 29. Re1 Bc6 30. Re7+ Kg6 31. Ne2 h6 32. Nf4+ Kh7 33. Ne6 Rd7 34. Nf8+ 1-0

[Event "Muensterland Verbandsklasse-A 0809"]
[Site "Germany"]
[Date "2008.11.08"]
[Round "3.3"]
[White "Kuessner, Thilo"]
[Black "Musholt, Joachim"]
[Result "0-1"]
[WhiteElo "1862"]
[BlackElo "1766"]
[PlyCount "46"]
[EventDate "2008.09.13"]
[EventType "team-tourn"]
[EventRounds "9"]
[EventCountry "GER"]
[SourceTitle "EXT 2010"]
[Source "ChessBase"]
[SourceDate "2010.11.25"]
[SourceVersion "1"]
[SourceVersionDate "2010.11.25"]
[SourceQuality "1"]
[WhiteTeam "Muenster SK III"]
[BlackTeam "Suedlohn II"]
[WhiteTeamCountry "GER"]
[BlackTeamCountry "GER"]

1. e4 c5 2. Nc3 Nc6 3. f4 d6 4. Bc4 g6 5. Nf3 Bg7 6. d3 e6 7. f5 Ne5 8. fxe6 Bxe6 9. Bxe6 fxe6 10. 0-0 Qe7 11. Bf4 0-0-0 12. Qd2 h6 13. Nxe5 dxe5 14. Be3 Nf6 15. Kh1 Ng4 16. Bg1 b6 17. a4 Rhf8 18. Rfb1 h5 19. a5 Bh6 20. Qe2 Qh4 21. g3 Qh3 22. axb6 Rf2 23. bxa7 Qg2# 0-1

[Event "Muensterland Verbandsklasse-A 0809"]
[Site "Germany"]
[Date "2008.09.13"]
[Round "1.3"]
[White "Kuessner, Thilo"]
[Black "Lodde, Martin"]
[Result "0-1"]
[WhiteElo "1862"]
[BlackElo "1907"]
[PlyCount "76"]
[EventDate "2008.09.13"]
[EventType "team-tourn"]
[EventRounds "9"]
[EventCountry "GER"]
[SourceTitle "EXT 2010"]
[Source "ChessBase"]
[SourceDate "2010.11.25"]
[SourceVersion "1"]
[SourceVersionDate "2010.11.25"]
[SourceQuality "1"]
[WhiteTeam "Muenster SK III"]
[BlackTeam "Telgte"]
[WhiteTeamCountry "GER"]
[BlackTeamCountry "GER"]

1. e4 d5 2. exd5 Qxd5 3. Nc3 Qa5 4. d4 c6 5. Nf3 Bf5 6. Bd3 e6 7. Bf4 Bb4 8. 0-0 Nf6 9. a3 Bxc3 10. bxc3 Nbd7 11. c4 0-0 12. c5 Bxd3 13. Qxd3 Qd8 14. Rfb1 b6 15. cxb6 axb6 16. a4 Re8 17. c4 Ra7 18. Qb3 Qa8 19. Nd2 Ra5 20. Qb4 b5 21. Nb3 Rxa4 22. Rxa4 Qxa4 23. Qxa4 bxa4 24. Na5 c5 25. Be3 Ra8 26. Nc6 a3 27. f3 a2 28. Ra1 Ra6 29. Nd8 cxd4 30. Bxd4 Rd6 31. Bc3 Nc5 32. Nxf7 Kxf7 33. Rxa2 Rd7 34. Kf2 Ne8 35. Ke3 Rd3+ 36. Ke2 Rxc3 37. Ra7+ Kf6 38. Ra5 Rxc4 0-1

[Event "Muensterland Verbandsklasse-A 0708"]
[Site "Germany"]
[Date "2007.12.15"]
[Round "4.3"]
[White "Moeller, Christian"]
[Black "Kuessner, Thilo"]
[Result "1/2-1/2"]
[WhiteElo "1768"]
[BlackElo "1936"]
[PlyCount "31"]
[EventDate "2007.09.22"]
[EventType "team"]
[EventRounds "9"]
[EventCountry "GER"]
[SourceTitle "EXT 2009"]
[Source "ChessBase"]
[SourceDate "2008.11.26"]
[SourceVersion "1"]
[SourceVersionDate "2008.11.26"]
[SourceQuality "1"]
[WhiteTeam "Ibbenbueren"]
[BlackTeam "Muenster SK III"]
[WhiteTeamCountry "GER"]
[BlackTeamCountry "GER"]

1. e4 e5 2. Nf3 Nc6 3. Bc4 Nf6 4. Ng5 Bc5 5. Nxf7 Bxf2+ 6. Kxf2 Nxe4+ 7. Ke3 Qh4 8. g3 Nxg3 9. hxg3 Qd4+ 10. Kf3 d5 11. Rh4 e4+ 12. Kg2 0-0 13. Qh5 Rxf7 14. Qxd5 Qf2+ 15. Kh1 Qf3+ 16. Kh2 1/2-1/2

[Event "Werther Schloss op-B 13rd"]
[Site "Werther"]
[Date "2007.04.01"]
[Round "5"]
[White "Dittrich, Meik"]
[Black "Kuessner, Thilo"]
[Result "1/2-1/2"]
[WhiteElo "2059"]
[BlackElo "1896"]
[PlyCount "120"]
[EventDate "2007.03.30"]
[EventType "swiss"]
[EventRounds "5"]
[EventCountry "GER"]
[SourceTitle "EXT 2008"]
[Source "ChessBase"]
[SourceDate "2007.11.25"]
[SourceVersion "1"]
[SourceVersionDate "2007.11.25"]
[SourceQuality "1"]

1. d4 Nf6 2. Nf3 g6 3. c4 Bg7 4. Nc3 d6 5. e4 0-0 6. Be2 e5 7. d5 Nfd7 8. 0-0 f5 9. Nd2 Nf6 10. Rb1 a5 11. b3 Nbd7 12. a3 Rf7 13. b4 axb4 14. axb4 Bf8 15. f3 f4 16. Nb3 g5 17. Nb5 h5 18. Bb2 Nh7 19. c5 Ndf6 20. Ra1 Rxa1 21. Qxa1 g4 22. Qa8 Be7 23. cxd6 cxd6 24. Rc1 Rf8 25. Rc7 gxf3 26. gxf3 Qe8 27. Kh1 Ng5 28. Qa1 Rf7 29. h4 Nh3 30. Bxe5 dxe5 31. Qxe5 Qd8 32. Bc4 Bd6 33. Rxc8 Qxc8 34. Nxd6 Nf2+ 35. Kg1 Rg7+ 36. Kxf2 Qh3 37. Bf1 Qxh4+ 38. Ke2 Rc7 39. Qe6+ Kh7 40. Qf5+ Kh6 41. Bh3 Rc3 42. Nd2 Rc7 43. Qe6 Kh7 44. Bf5+ Kh8 45. e5 Ng4 46. Bxg4 hxg4 47. Qf6+ Qxf6 48. exf6 g3 49. f7 Re7+ 50. N2e4 Kg7 51. Nf5+ Kxf7 52. Nxe7 Kxe7 53. Nc5 Kd6 54. Nxb7+ Kxd5 55. Na5 Kd6 56. Nc4+ Kc6 57. Ne5+ Kb5 58. Nd3 Kc4 59. Nxf4 Kxb4 60. Nh5 Kc4 1/2-1/2

[Event "Werther Schloss op-B 13rd"]
[Site "Werther"]
[Date "2007.03.30"]
[Round "1"]
[White "Punsaem, Gap"]
[Black "Kuessner, Thilo"]
[Result "1-0"]
[WhiteElo "2014"]
[BlackElo "1896"]
[PlyCount "79"]
[EventDate "2007.03.30"]
[EventType "swiss"]
[EventRounds "5"]
[EventCountry "GER"]
[SourceTitle "EXT 2008"]
[Source "ChessBase"]
[SourceDate "2007.11.25"]
[SourceVersion "1"]
[SourceVersionDate "2007.11.25"]
[SourceQuality "1"]

1. e4 e5 2. Nf3 Nc6 3. Bc4 Nf6 4. 0-0 Bc5 5. Qe2 d6 6. h3 0-0 7. c3 Be6 8. Bxe6 fxe6 9. b4 Bb6 10. b5 Ne7 11. d4 exd4 12. cxd4 Ng6 13. a4 c6 14. bxc6 bxc6 15. a5 Bc7 16. a6 d5 17. Ba3 Re8 18. e5 Ne4 19. Nbd2 Nc3 20. Qe3 Nb5 21. Rfc1 Qd7 22. Bc5 Bb6 23. Nb3 Rac8 24. Ng5 h6 25. Qd3 Nf8 26. Nf3 Qf7 27. Na5 Nd7 28. Bxb6 Nxb6 29. Nd2 Rf8 30. f3 Qf4 31. Nxc6 Rxc6 32. Rxc6 Nxd4 33. Rc7 Qxe5 34. Rxa7 Nxf3+ 35. Nxf3 Qxa1+ 36. Kh2 e5 37. Qg6 e4 38. Qe6+ Kh7 39. Ne5 Rf6 40. Qxf6 1-0